000 00675nam a22002177a 4500
003 UA-OsUOA
001 114093
007 ta
008 20151015b un ||||| |||| 00| 0 ukr d
100 _aПелешенко Ю.
090 _a82
_bП24
942 _cSA
040 _aUA-OsUOA
_bfre
_cUA-OsUOA
_dUA-OsUOA
245 _a"Огузнама" та українська середньовічна література: генетичні зв'язки й типологічні збіги
300 _aС.50-56
955 _a0
041 _afre
080 _a82
773 0 _w114089
650 7 _a82 Література. Літературознавство
_2UDC
999 _c400168
_d400168